000 01047cam a22003377a 4500
003 CHAP
005 20220329133326.0
008 971013s r 00010 d
010 _a4919
011 _a5891
035 _a5107
040 _cCHAP
090 _aFolleto 12879
100 0 0 _aDubois, Donald K.
_934331
245 0 _aUsos de la soya en productos de panificación
260 _aMéxico :
_bAsociación Americana de Soya,
_c[199?]
300 _a[12] p
490 0 _aASA/México. H.N. No.30
590 _aBATCH-UPD
_b10
_c20130110
_lUCH01
_h0258
590 _aBATCH-UPD
_b10
_c20130110
_lUCH01
_h1446
590 _aBATCH-UPD
_b10
_c20130409
_lUCH01
_h2329
590 _aBATCH-UPD
_b10
_c20130410
_lUCH01
_h1429
590 _aBATCH-UPD
_b10
_c20130914
_lUCH01
_h0416
590 _aCONVERSION
_b10
_c20130109
_lUCH01
_h1304
650 1 4 _aPanificación.
_985110
650 1 4 _aSoya
_xProcesado.
_9109080
830 0 _aASA/México. H.N. No.30
_97832
901 _aBK
942 _cFOLL
949 _aFolleto 12879
_bBC
_cFOLL
_d-14674
_eTS1
_i5107
_mD
_si
999 _c4919
_d4919